000 00377nam a2200133Ia 4500
008 240624s9999 xx 000 0 und d
041 _aeng
082 _a338.064 HAR
100 _aHARVARD BUSINESS SCHOOL PRESS
245 _aHARVARD BUSINESS REVIEW ON STRATEGIC FOR
260 _c1998
_aUSA
_bHarvard Businesss School Press
300 _av, : 213 : p. : cm. ; 20
365 _c
_b30
999 _c4624
_d4624